|
|
|
|
| LEADER |
00643cam a2200205 7i4500 |
| 001 |
0000036456 |
| 005 |
20220509090000.0 |
| 007 |
ta |
| 020 |
|
|
|a x
|
| 040 |
|
|
|a MATR
|
| 090 |
0 |
0 |
|a -
|b a
|
| 245 |
0 |
0 |
|a Law on intellectual property :
|b Essential legal terms explained you need to know about trademarks, copyrights, patents & trade secrets.
|
| 264 |
|
4 |
|a ♭.
|
| 264 |
|
1 |
|a -:
|b -,
|c 201.
|
| 300 |
|
|
|a pages:
|b illustrations;
|c cm.
|
| 336 |
|
|
|a text
|2 rdacontent
|
| 337 |
|
|
|a unmediated
|2 rdamedia
|
| 338 |
|
|
|a volume
|2 rdacarrier
|
| 504 |
|
|
|a Includes bibliographical references and index
|
| 999 |
|
|
|a B000041231
|b Book
|c Book
|e Business Information Centre
|